Lecciones de historia Argentina
Kaydedildi:
| Yazar: | |
|---|---|
| Materyal Türü: | Kitap |
| Dil: | İspanyolca |
| Baskı/Yayın Bilgisi: |
Buenos Aires
J. Lajouane
1943
|
| Edisyon: | 18a. ed |
| Konular: | |
| Etiketler: |
Etiketle
Etiket eklenmemiş, İlk siz ekleyin!
|
MARC
| LEADER | 00000nam a2200000 a 4500 | ||
|---|---|---|---|
| 001 | UCO3136 | ||
| 003 | CL-VaPUC | ||
| 008 | 000714e19430000AG |||||||||||||||||spa|d | ||
| 082 | 0 | 4 | |a 982 |b LEV |2 21 |
| 100 | |a Levene, Ricardo |e author |9 478455 | ||
| 245 | 1 | 0 | |a Lecciones de historia Argentina |
| 250 | |a 18a. ed | ||
| 300 | |a v | ||
| 942 | |c BK | ||
| 945 | |d 20000714 00:00:00 |a rherrera | ||
| 260 | |a Buenos Aires |b J. Lajouane |c 1943 | ||
| 500 | |a v.1: Colonización, Virreinato, Revolución | ||
| 500 | |a v.2: Independencia, Organización Nacional, Presidencias | ||
| 650 | 0 | |a Historia Argentina |9 268065 | |
| 650 | 7 | |a INDEPENDENCIA ARGENTINA |2 CL-VaPUC |9 447023 | |
| 650 | 0 | |a Virreinato del Río de La Plata |9 373725 | |
| 650 | 0 | |a Virreyes |9 386780 | |
| 650 | 0 | |a Gobernadores |9 323856 | |
| 650 | 7 | |a SIGLOS 19 |2 CL-VaPUC |9 446994 | |
| 651 | 0 | |a Argentina |9 254888 | |
| 583 | |a last modification |c 20000714 00:00:00 |k Rodrigo Vera | ||
| 999 | |c 289606 |d 289604 | ||
| 952 | |0 0 |1 0 |4 0 |6 982_000000000000000_LEV_1943 |7 0 |8 X |9 338172 |a BIBHIS |b BIBHIS |d 2019-11-20 |h v.2 |i 1299506 |o 982 LEV 1943 |p 1299506 |r 2024-01-30 |w 2019-11-20 |y BK_X |k HIS | ||